00605cam a22002051 4500001001300000003000400013005001700017008004100034010001700075035001800092040002700110042001200137050002200149100003000171245006600201260004800267300001900315650004800334999001700382sa 63000445 DLC20260227111921.0720602s1962 ii 000 0 eng  asa 63000445  a(OCoLC)323535 aDLCcODaWUdOCoLCdDLC apremarc00aPK2903b.K66 19620 aKrishna Chaitanya,d1918-02aA new history of Sanskrit literaturec[by] Krishna Chaitanya. aBombay,aNew York,bAsia Pub. Housec[1962] a490 p.c23 cm. 0aSanskrit literaturexHistory and criticism. c53492d53492